Quantum Mechanics in chemistry (0 19 508200 1)

Na minha lista:
Detalhes bibliográficos
Autor principal: JACK SIMONS
Formato: Livro
Idioma:Undetermined
Publicado em: Oxford 1997
Tags: Adicionar Tag
Sem tags, seja o primeiro a adicionar uma tag!
Thư viện lưu trữ: Trung tâm Học liệu Trường Đại học Cần Thơ
LEADER 00406nam a2200145Ia 4500
001 CTU_49569
008 210402s9999 xx 000 0 und d
082 |a 541.28 
082 |b S611 
100 |a JACK SIMONS 
245 0 |a Quantum Mechanics in chemistry (0 19 508200 1) 
245 0 |c JACK SIMONS, Jeffs Nichols 
260 |b Oxford 
260 |c 1997 
980 |a Trung tâm Học liệu Trường Đại học Cần Thơ